00727nam a2200241 a 4500001001300000003000900013005001700022008004100039020002300080082001500103100002100118245006100139260004400200300000900244500003500253505001000288650001800298700002100316902000800337942000700345952011600352999001700468nice12345678IN_TiNIC20260116013711.0050524s1997 lona grp 000 0 eng  a0190063 c37500a303.4bAPP aAppadurai, Arjun aModernity at Large, Cultural Dimensions of Globalization aLondan bOxford University Press c1997 a229p aincludes index and biblioraphy2 aIndex aSocial-Change1 aAppadurai, Arjun bSRS cBK 001040708StackRoom-aHMIbHMId2008-02-29g375.00l0o303.4 APPp017503r2008-02-29v375.00w2005-05-24yBK c12034d12034